000 00618nam a2200229 a 4500
999 _c10720
_d10720
001 10720
003 BD-JhCC
005 20210930134021.0
008 180811b20112018bg |||| ||a| 000 0 ben d
020 _a9789848797501
035 _a(BD-JhCC)10720
040 _aBD-JhCC
_dBD-JhCC
041 _aben
082 _a891.443
_bJOL 2011
100 _aজলদাস, হরিশংকর
245 _aকসবি /
_c,হরিশংকর জলদাস
260 _aঢাকা :
_bঅবসর ;
_c2011.
300 _a167 p. :
_c18 cm.
651 _aBengoli Novel
942 _2lcc
_cBK
_020